| 000 -CABECERA |
| campo de control de longitud fija |
01637nam a22002537a 4500 |
| 005 - FECHA Y HORA DE LA ÚLTIMA TRANSACCIÓN |
| campo de control |
20210412150954.0 |
| 008 - DATOS DE LONGITUD FIJA--INFORMACIÓN GENERAL |
| campo de control de longitud fija |
210412s1998 pe |||fr|||| 001 0 spa d |
| 040 ## - FUENTE DE LA CATALOGACIÓN |
| Centro catalogador/agencia de origen |
CENDOC CAAAP |
| Lengua de catalogación |
spa |
| Centro/agencia transcriptor |
CAAAP |
| 041 ## - CÓDIGO DE LENGUA |
| Código de lengua del texto/banda sonora o título independiente |
spa |
| 050 ## - SIGNATURA TOPOGRÁFICA DE LA BIBLIOTECA DEL CONGRESO |
| Número de clasificación |
FP 183.7 |
| Número de documento/Ítem |
V32 |
| 100 1# - ENTRADA PRINCIPAL--NOMBRE DE PERSONA |
| 9 (RLIN) |
2098 |
| Nombre personal |
Vargas Haya, Héctor |
| 245 1# - MENCIÓN DE TÍTULO |
| Título |
Perú : |
| Subtitulo |
un país mutilado / |
| Mención de responsabilidad, etc. |
Héctor Vargas Haya |
| 250 ## - MENCIÓN DE EDICIÓN |
| Mención de edición |
1ra ed. |
| 260 ## - PUBLICACIÓN, DISTRIBUCIÓN, ETC. |
| Lugar de publicación, distribución, etc. |
Lima , |
| Fecha de publicación, distribución, etc. |
1998 |
| 300 ## - DESCRIPCIÓN FÍSICA |
| Extensión |
159 p., |
| Dimensiones |
14 cm |
| 505 ## - NOTA DE CONTENIDO CON FORMATO |
| Nota de contenido con formato |
Contiene : Prólogo- Soberanía del perú en peligro -- No más entreguismos -- Cuánto territorio perdido en virtud de entreguistas tratados -- Mapa -- Una paz con honor -- Garantes convertidos en proponentes y dirimentes -- Oferta peruana -- Participación de representantes de la región Amazónica -- Dolor roso y vergonzante recuerdo del tratado Salmón-Lozano y entrega de Leticia -- La recuperacupin de Leticia y los compatriotas condenados a muerte por Defensor la Patria -- El producto peruano-ecuatoriano de Paz, amistad y límites -- Tratado establece amplia navegación en el Amazonas -- La treta ecuatoriana de salida al Amazonas -- Pcto de caballeros -- ¿Por qué las ofertas unilaterales de presidente Fujimori al Ecuador -- El pueblo peruano rechaza un entreguismo más --- La imposiciones de USA -- El pragmatismo de Fujimori --Descubrimiento del Amazonas -- La cuestión de integración nacional -- Inevitables verdades sin eufemismos -- Integración Si, Cesión No |
| 650 10 - PUNTO DE ACCESO ADICIONAL DE MATERIA--TÉRMINO DE MATERIA |
| 9 (RLIN) |
2099 |
| Término de materia o nombre geográfico como elemento de entrada |
Geopolítica |
| 650 20 - PUNTO DE ACCESO ADICIONAL DE MATERIA--TÉRMINO DE MATERIA |
| 9 (RLIN) |
755 |
| Término de materia o nombre geográfico como elemento de entrada |
Tratados |
| 650 20 - PUNTO DE ACCESO ADICIONAL DE MATERIA--TÉRMINO DE MATERIA |
| 9 (RLIN) |
410 |
| Término de materia o nombre geográfico como elemento de entrada |
Fronteras |
| 650 20 - PUNTO DE ACCESO ADICIONAL DE MATERIA--TÉRMINO DE MATERIA |
| 9 (RLIN) |
1090 |
| Término de materia o nombre geográfico como elemento de entrada |
Guerra |
| 650 20 - PUNTO DE ACCESO ADICIONAL DE MATERIA--TÉRMINO DE MATERIA |
| 9 (RLIN) |
8 |
| Término de materia o nombre geográfico como elemento de entrada |
Historia |
| 651 10 - PUNTO DE ACCESO ADICIONAL DE MATERIA--NOMBRE GEOGRÁFICO |
| 9 (RLIN) |
12 |
| Nombre geográfico |
Perú |
| 942 ## - ELEMENTOS PERSONALIZADOS KOHA |
| Fuente del sistema de clasificación o colocación |
|
| Fecha de catalogación |
12 - 04 - 21 |
| Tipo de ítem Koha |
Libros |